000 00834cam a2200301 a 4500
999 _c23930
_d23930
001 vtls001075280
005 20250926082435.0
008 160414s1994 xo f 00000 slo
020 _a8085658054
035 _aSNK000018112
040 _aSNK
_bslo
_cSNK
_eAACR2
041 0 _aslo
044 _axo
_cSK
080 _a37.018:26
_21981
080 _a26
_21981
100 1 _aDubois, Jean,
_d1921-2006
_4aut
_94834
245 1 0 _aO výchove
_cJean Dubois
250 _a1. vyd.
260 _aNitra
_bRodina
_c1994
_eBratislava
_fWeltprint Charlie
300 _a123 s.
_bfotogr.
_c21 cm
490 0 _aPro Veritate
650 0 7 _akresťanská výchova
_2SNKPH
_94835
650 0 7 _apedagogika
_2SNKPH
_94836
655 7 _apríručky
_2SNKPH
_91541
958 _aAPR
958 _aTL